000 03358 a2200433 4500
003 Nust
005 20170207165830.0
020 _a9781402066313
035 _a(EBZ)ebs459434e
035 _a(WaSeSS)ssj0000389886
035 _a(WaSeSS)ssj0000389886
035 _a(WaSeSS)ssj0000389886
040 _cNust
082 _a621.38
100 1 _aFathi, Hanane.
245 1 0 _aVoice over IP in Wireless Heterogeneous Networks (E-Book)
_h[electronic resource] :
_bSignalling, Mobility, and Security /
_cby Hanane Fathi, Shyam S. Chakraborty, Ramjee Prasad.
260 _aDordrecht :
_bSpringer Netherlands,
_c2009.
300 _bv.: digital
440 0 _aSignals and Communication Technology,
505 _a1 Introduction (Page-1),2 IP-Based Wireless Heterogeneous Networks (Page-15),3 Voice over Internet Protocol (Page-37_),4 Models for Performance Analysis in Wireless Networks (Page-49),5 Impact of Security on Real-Time Services: Link Layer Authentication Delay in WLAN 802.11b (Page-59),6 Impact of Signaling on Real-Time Services: SIP Session Setup Delay (Page-87),7 Impact of Mobility on Real-Time Services: Handover Delay (Page-137),8 Coupling Mobility and Security (Page-177),9 Towards Quality of Experience and Future Perspectives (Page-205).
650 0 _aCommunications Engineering, Networks
650 0 _aComputer network architectures
650 0 _aComputer Systems Organization and Communication Networks
650 0 _aEngineering
650 0 _aEngineering
650 0 _aTelecommunication
700 1 _aChakraborty, Shyam S.
700 1 _aPrasad, Ramjee.
710 2 _aSpringerLink (Online service)
856 4 2 _uhttp://costello.pub.hb.se/login?url=http://link.springer.com/openurl?genre=book&isbn=978-1-4020-6630-6
856 4 2 _uhttp://dx.doi.org/10.1007/978-1-4020-6631-3
856 4 2 _uhttp://ezproxy.its.uu.se/login?url=http://link.springer.com/openurl?genre=book&isbn=978-1-4020-6630-6
856 4 2 _uhttp://link.sub.su.se/sfxsub?url_ver=Z39.88-2004&ctx_ver=Z39.88-2004&ctx_enc=info:ofi/enc:UTF-8&rfr_id=info:sid/sfxit.com:opac_856&url_ctx_fmt=info:ofi/fmt:kev:mtx:ctx&sfx.ignore_date_threshold=1&rft.object_id=1000000000546209&svc_val_fmt=info:ofi/fmt:kev:mtx:sch_svc&
856 4 2 _uhttp://proxy.lib.chalmers.se/login?url=http://link.springer.com/openurl?genre=book&isbn=978-1-4020-6630-6
856 4 2 _uhttp://proxy.lib.ltu.se/login?url=http://link.springer.com/openurl?genre=book&isbn=978-1-4020-6630-6
856 4 2 _uhttp://sfxeu05.hosted.exlibrisgroup.com/46LUB?url_ver=Z39.88-2004&ctx_ver=Z39.88-2004&ctx_enc=info:ofi/enc:UTF-8&rfr_id=info:sid/sfxit.com:opac_856&url_ctx_fmt=info:ofi/fmt:kev:mtx:ctx&sfx.ignore_date_threshold=1&rft.object_id=1000000000546209&svc_val_fmt=info:ofi/fmt:kev:mtx:sch_svc&
856 4 2 _uhttp://sfxeu10.hosted.exlibrisgroup.com/sfxkth?url_ver=Z39.88-2004&ctx_ver=Z39.88-2004&ctx_enc=info:ofi/enc:UTF-8&rfr_id=info:sid/sfxit.com:opac_856&url_ctx_fmt=info:ofi/fmt:kev:mtx:ctx&sfx.ignore_date_threshold=1&rft.object_id=1000000000546209&svc_val_fmt=info:ofi/fmt:kev:mtx:sch_svc&
856 4 2 _uhttp://sfxeu11.hosted.exlibrisgroup.com/mah?url_ver=Z39.88-2004&ctx_ver=Z39.88-2004&ctx_enc=info:ofi/enc:UTF-8&rfr_id=info:sid/sfxit.com:opac_856&url_ctx_fmt=info:ofi/fmt:kev:mtx:ctx&sfx.ignore_date_threshold=1&rft.object_id=1000000000546209&svc_val_fmt=info:ofi/fmt:kev:mtx:sch_svc&
942 _2ddc
_cBK
999 _c213257
_d213257